[Event "ROM-ch U08"]
[Site "Calimanesti Caciulata"]
[Date "2019.04.15"]
[Round "1"]
[White "Constantinescu, Tudor Ioan"]
[Black "Iacob, Cosmin Stefan"]
[Result "0-1"]
[WhiteElo "1001"]
[BlackElo "1027"]
[PlyCount "70"]
[EventDate "2019.04.15"]
[EventType "swiss"]
[EventRounds "9"]
[EventCountry "ROU"]
[SourceTitle "CBM 190 Extra"]
[Source "ChessBase"]
[SourceDate "2019.07.15"]
[SourceVersion "1"]
[SourceVersionDate "2019.07.15"]
[SourceQuality "1"]

1. e4 e5 2. Nf3 Nc6 3. Bc4 Bc5 4. c3 Nf6 5. d3 0-0 6. 0-0 h6 7. Be3 Bb6 8. d4 d6 9. d5 Ne7 10. Nbd2 Re8 11. Ng5 hxg5 12. Bxg5 Ng6 13. Be2 c6 14. Bxf6 Qxf6 15. Bg4 Bxg4 16. Qxg4 Qf4 17. Qh5 Qxd2 18. Rad1 Qxb2 19. Rd3 Qxa2 20. Rh3 cxd5 21. Qh7+ Kf8 22. Rh5 dxe4 23. h3 Qd5 24. h4 e3 25. fxe3 Bxe3+ 26. Rf2 Bxf2+ 27. Kxf2 Qc5+ 28. Kg3 Qxc3+ 29. Kg4 Qd4+ 30. Kh3 Nf4+ 31. Kg4 Nxh5+ 32. Kxh5 Ke7 33. g4 Rh8 34. Qxh8 Rxh8+ 35. Kg5 Qf4# 0-1

[Event "ROM-ch U08"]
[Site "Calimanesti"]
[Date "2018.03.29"]
[Round "4"]
[White "Iacob, Cosmin Stefan"]
[Black "Lazar, Teodor Alexandru"]
[Result "1-0"]
[WhiteElo "1031"]
[BlackElo "1001"]
[PlyCount "35"]
[EventDate "2018.03.27"]
[EventType "swiss"]
[EventRounds "9"]
[EventCountry "ROU"]
[SourceTitle "CBM 183 Extra"]
[Source "ChessBase"]
[SourceDate "2018.04.19"]
[SourceVersion "1"]
[SourceVersionDate "2018.04.19"]
[SourceQuality "1"]

1. e4 e5 2. Nf3 Nc6 3. Bc4 Nf6 4. d3 d6 5. h3 Be7 6. c3 0-0 7. 0-0 a6 8. Re1 b5 9. Bb3 a5 10. Nbd2 a4 11. Bc2 d5 12. Nf1 b4 13. Ng3 a3 14. Nh4 axb2 15. Bxb2 bxc3 16. Bxc3 d4 17. Bd2 Nb4 18. Bb3 1-0